| 000 | 00669nam a2200181 a 4500 | ||
|---|---|---|---|
| 001 | 000020514 | ||
| 005 | 20200930011124.0 | ||
| 008 | 100322s2004 cu 000 0 spa d | ||
| 020 | _a9592587981 | ||
| 040 |
_aDO-SdBNP _bspa _cBNPHU |
||
| 082 |
_axxxx _bR145p |
||
| 100 | 1 |
_aRamirez Céspedes, Zulia _943229 |
|
| 245 | 1 | 0 |
_aPrincipios de redes para estudiantes de bibliotecología y ciencia de la información / _cZuila Ramírez Céspedes, Antonio de Oca Sánchez de Bustamante. |
| 260 |
_aLa Habana, Cuba : _bFéliz Varela, _c2004. |
||
| 300 |
_a108 p. ; _c24 cm. |
||
| 504 | _aBibliografía p: 107-108 | ||
| 700 | 1 |
_aMontes de Oca Sánchez de Bustamante, Antonio _943230 |
|
| 999 |
_c20018 _d20018 |
||